|
|
|
|
| LEADER |
00656nab a2200193 i 4500 |
| 001 |
acta14633 |
| 005 |
20210409125622.0 |
| 008 |
161015s1977 hu o 0|| eng d |
| 022 |
|
|
|a 0001-6969
|
| 040 |
|
|
|a SZTE Egyetemi Kiadványok Repozitórium
|b hun
|
| 041 |
|
|
|a eng
|
| 100 |
1 |
|
|a Bouldin Richard
|
| 245 |
1 |
0 |
|a Normal dilations and operator approximations
|h [elektronikus dokumentum] /
|c Bouldin Richard
|
| 260 |
|
|
|c 1977
|
| 300 |
|
|
|a 233-243
|
| 490 |
0 |
|
|a Acta scientiarum mathematicarum
|v 39 No. 3-4
|
| 695 |
|
|
|a Matematika
|
| 700 |
0 |
1 |
|a Rogers Donald D.
|e aut
|
| 856 |
4 |
0 |
|u http://acta.bibl.u-szeged.hu/14633/1/math_039_fasc_003_004_233-243.pdf
|z Dokumentum-elérés
|